000
00268nam a22001097a 4500
999
_c
65116
_d
65113
082
_a
297.03U P L
100
_a
یو نیو ورستی آف پنجاب
245
_a
انسائیکلو پیدیا آف اسلام
250
_a
VOL 6
260
_a
لاہور
942
_c
BK